00438nam a2200157Ia 4500003000400000008004100004040001600045082001600061100001600077245007600093260002800169300002200197650001800219650002800237650001500265GCL140319s9999 xx 000 0 eng d aGCL / cGCL04a005.13bP U1 aPERSON, RON10aUSING EXCEL FOR WINDOWS 95: THE MOST COMPLETE REFERENCE / cPERSON, RON a[S.N] : bQUE ، c1995 a23 CM ؛ c1211 P04aEXCEL WINDOWS04aCOMPUTER - PROGRAMMERS04aWINDOWS 95